Three deserts /
Main Author:
Other Authors:
Format: Book
Language: English
Published:
London :
J. Murray,
[1936].
Subjects:
Tags: Add Tag
Call Number: DT55 .J3 1936b
| LEADER | 00804namaa2200265 4500 | ||
|---|---|---|---|
| 001 | 18947 | ||
| 003 | OSt | ||
| 005 | 20260329080907.0 | ||
| 008 | 130303s1936 enkf 000 0 eng d | ||
| 010 | |a 37013405 | ||
| 040 | |c ARCE Library | ||
| 043 | |a f-ly--- |a f-ua--- | ||
| 050 | 4 | |a DT55 .J3 1936b | |
| 100 | 1 | |a Jarvis, C. S., |q (Claude Scudamore), |d 1879-1953, |e author | |
| 245 | 1 | 0 | |a Three deserts / |c by C.S. Jarvis, late governor of Sinai ; Illustrated by Frank Lee. |
| 246 | 3 | |a 3 deserts. | |
| 264 | 1 | |a London : |b J. Murray, |c [1936]. | |
| 300 | |a ix, 313 pages : |b plates ; |c 22 cm. | ||
| 650 | 0 | |a Bedouins. | |
| 651 | 0 | |a Libyan Desert |x Description and travel. | |
| 651 | 0 | |a Sinai (Egypt) |x Description and travel. | |
| 700 | 1 | |a Lee, Frank. | |
| 901 | |a reviewed | ||
| 942 | |c BK |2 lcc | ||
| 999 | |c 15996 |d 15996 | ||
